Organic chemistry (Registro nro. 317267)

Detalles MARC
000 -ENCABEZADO
Número de control [NR] 00926nam a2200253 c 4500
005 - FECHA Y HORA DE LA ÚLTIMA TRANSACCIÓN
control field 20200329194234.0
008 - DE LONGITUD FIJA DE DATOS DE ELEMENTOS - INFORMACIÓN GENERAL
Elementos de longitud fija [NR] 200228t2018 nyua|||fr|||| 00| 0 eng d
020 ## - NUMERO INTERNACIONAL NORMALIZADO PARA LIBROS [R]
Número Internacional Normalizado del libro [NR] 9781319079451 (8a.Ed.)
020 ## - NUMERO INTERNACIONAL NORMALIZADO PARA LIBROS [R]
Número Internacional Normalizado del libro [NR] 1319079458
040 ## - FUENTE DE CATALOGACION [NR]
Agencia de catalogación original [NR] CO-BoUCM
Idioma de catalogación [NR] spa
Quien Cataloga Deissy Garcia
Quien Clasifica Deissy Garcia
041 0# - CODIGO DE IDIOMA [R]
Código de idioma para texto/pista de sonido o título separado [R] Inglés
060 ## - SIGNATURA TOPOGRAFICA DE LA BIBLIOTECA NACIONAL DE MEDICINA (NLM) [R]
Número clasificador [R] QD 241
100 1# - ASIENTO PRINCIPAL--NOMBRE PERSONAL [NR]
Nombre personal [NR] Vollhardt, K. Peter C.
ID Autoridad 99939
245 10 - MENCION DE TITULO [NR]
Título [NR] Organic chemistry
Parte restante del título [NR] structure and funtion
Mención de responsabilidad, etc. [NR] Peter Vollhardt, Neil Schore
250 ## - MENCION DE EDICION [NR]
Mención de edición [NR] 8a.Ed.
260 ## - PUBLICACION, DISTRIBUCION, ETC. (PIE DE IMPRENTA) [R]
Lugar de publicación, distribución, etc. [R] Nueva York
Nombre del editor, distribuidor, etc. [R] W.H. Freeman, Macmillan Learning
Fecha de publicación, distribución, etc. [R] 2018
300 ## - DESCRIPCION FISICA [R]
Extensión [R] xxxii, 1335 [97] páginas
Otros detalles físicos [NR] ilustraciones
Dimensiones [R] 28 cm
504 ## - NOTA DE BIBLIOGRAFIA, ETC. [R]
Nota de bibliografía, etc. [NR] Incluye referencias bibliográficas e índices
650 10 - ASIENTO SECUNDARIO DE MATERIA - TERMINO TEMATICO [R]
9 (RLIN) 99940
Término temático o nombre geográfico como elemento de entrada [NR] Química orgánica
Subdivisión general [R] Problemas, ejercicios, etc.
650 17 - ASIENTO SECUNDARIO DE MATERIA - TERMINO TEMATICO [R]
9 (RLIN) 11327
Término temático o nombre geográfico como elemento de entrada [NR] Compuestos orgánicos
650 17 - ASIENTO SECUNDARIO DE MATERIA - TERMINO TEMATICO [R]
9 (RLIN) 10813
Término temático o nombre geográfico como elemento de entrada [NR] Ciencias naturales
700 1# - ASIENTO SECUNDARIO - NOMBRE PERSONAL [R]
Nombre personal [NR] Schore, Neil Eric,
Fechas asociadas con el nombre [NR] 1948-
9 (RLIN) 99941
942 ## - ELEMENTOS DE ENTRADA AGREGADOS (KOHA)
Tipo de ítem principal el descrito en 300a Libro
Sistema de clasificación NLM
Tema principal Ciencias de la salud
Edición 8
Clasificación QD 241
Parte restante de la signatura top. V923o
Existencias
Fecha de último préstamo Total préstamos Total Renewals Signatura topográfica Código de barras Última vez visto Volúmen / Fascículo Ejemplar Costo de reposición Price effective from Tipo de ítem Nota pública (OPAC) Perdido Sistema de clasificación Dañado No prestable Tipo de ítem específico Suprimido Ubicación habitual Ubicación actual Localización Fecha de creación Proveedor Forma de adquisición Costo
04/04/2022 1 2 QD 241 V923o 100165977 12/12/2025 8a.Ed. Ej.1 896666.00 26/02/2020 Libro Spot Ciencias Naturales   DEWEY     Libro   Quinta de Mutis Quinta de Mutis 3er piso 26/02/2020 15 Compra 896666.00